000 00567nam a22002297a 4500
003 UA-OsUOA
001 21143
007 ta
008 20031120b un ||||| |||| 00| 0 ukr d
090 _a94(47+57)
_bЛ45
942 _cBK
040 _aUA-OsUOA
_brus
_cUA-OsUOA
_dUA-OsUOA
245 _aЛенин. Патрия. Победа
_cА.Н.Вербило Г.А.Куманев
300 _a214 с.
955 _a0
041 _arus
080 _a94(47+57)
260 _aКиев
_b"Вища школа"
_c1985
044 _aRU
650 7 _2UDC
999 _c307336
_d307336